• 首页
  • 本馆介绍
  • 公告通知
  • 最新文献
  • 馆藏检索
  • 电子资源
  • 读者导购
  • 参考咨询
  • 我的图书馆
  • 登录
  • 详细信息显示
  • 放入我的书架
  • 预约/预借图书
  • 作者相关作品
  • 分类相关作品
  • 丛书相关作品
  • 出版社相关作品

书目信息

  • 表格格式
  • 工作单格式
  • 卡片格式
题名:
从卢梭到尼采
    
 
作者: 特纳 著 ;洛夫特豪斯 , 王玲 编
分册:  
出版信息: 北京   北京大学出版社  2017
页数: 407页
开本: 21cm
丛书名:
单 册:
中图分类: B504
科图分类:
主题词: 近代哲学--思想史--欧洲
电子资源:
ISBN: 978-7-301-28019-5
000 01507nam0 2200313 450
001 438
005 20180520214227.55
010    @a978-7-301-28019-5@dCNY59.00
100    @a20171018d2017 em y0chiy50 ea
101 1  @achi@ceng
102    @aCN@b110000
105    @ay z 001yy
200 1  @a从卢梭到尼采@9cong lu suo dao ni cai@e耶鲁大学公选课@f(美)弗兰克·M. 特纳著@g(英)理查德·A. 洛夫特豪斯编@g王玲译
210    @a北京@c北京大学出版社@d2017
215    @a407页@d21cm
312    @a封面英文题名:European intellectual history: from rousseau to nietzsche
314    @a弗兰克·M. 特纳 (Frank M. Turner) (1944-2010),美国当代著名历史学家,耶鲁大学历史学约翰·海·惠特尼讲席教授,曾任耶鲁大学拜内克图书馆馆长,专精于欧洲文化史与思想史。
314    @a理查德·A. 洛夫特豪斯 (Richard A. Lofthouse),现为《今日牛津》杂志编辑。
320    @a有索引(第391-407页)
330    @a本书共分十五讲。从卢梭开始,托克维尔、密尔等重要思想家逐个登场,直至尼采。特纳教授以生动浅白的语言和循循善诱的讲授方式,梳理了十八、十九世纪欧洲的主流政治法律观念,并总结这些思潮对今日世界的影响。
510 1  @aEuropean intellectual history@efrom rousseau to nietzsche@zeng
517 1  @a耶鲁大学公选课@9ye lu da xue gong xuan ke
606 0  @a近代哲学@x思想史@y欧洲
690    @aB504@v5
701  0 @c(美)@a特纳@9te na@c(Turner, Frank M.@f1944-2010)@4著
702  0 @c(英)@a洛夫特豪斯@9luo fu te hao si@c(Lofthouse, Richard A. )@4编
702  0 @a王玲@9wang ling@4译
801  0 @aCN@b91MARC@c20171018
905    @aMuseLib@dB504@e117
    
    从卢梭到尼采:耶鲁大学公选课/(美)弗兰克·M. 特纳著/(英)理查德·A. 洛夫特豪斯编/王玲译.-北京:北京大学出版社,2017
    407页;21cm
    
    
    ISBN 978-7-301-28019-5:CNY59.00
    本书共分十五讲。从卢梭开始,托克维尔、密尔等重要思想家逐个登场,直至尼采。特纳教授以生动浅白的语言和循循善诱的讲授方式,梳理了十八、十九世纪欧洲的主流政治法律观念,并总结这些思潮对今日世界的影响。
●
相关链接 在E读中查询图书 在五车中查询图书 在当当中查询图书 在豆瓣中查询图书


正题名:从卢梭到尼采     索取号:B504/117         预约/预借

序号 登录号 条形码 馆藏地/架位号 状态 备注
1 1102566   211025665   第一样本阅览室/ [索取号:B504/117] 在馆    
2 1102567   211025674   教育系资料室/ [索取号:B504/117] 在馆    
3 1102568   211025683   教育系资料室/ [索取号:B504/117] 在馆    
4 1102569   211025692   教育系资料室/ [索取号:B504/117] 在馆    
5 1102570   211025709   第一借阅区/ [索取号:B504/117] 在馆    
6 1102571   211025718   第一借阅区/ [索取号:B504/117] 已借出,限还日期为2023.09.18
借出人:侯诗棋  
 
唐山师范学院图书馆 欢迎您!
大连网信软件有限公司© 版权所有